THE BEST SHORT,STORIES EVER: (Record no. 184238)

MARC details
000 -LEADER
fixed length control field 00584nam a22001817a 4500
005 - DATE AND TIME OF LATEST TRANSACTION
control field 20220117122537.0
010 ## - LCCN (DPL NO)
LC control number ENG-131158
020 ## - INTERNATIONAL STANDARD BOOK NUMBER
International Standard Book Number 9789390679386
Terms of availability 199.00
035 ## - SYSTEM CONTROL NUMBER
System control number EN-114690
037 ## - SOURCE OF ACQUISITION
Source of stock number/acquisition DBAD
082 ## - DEWEY DECIMAL CLASSIFICATION NUMBER
Classification number S
245 ## - TITLE STATEMENT
Title THE BEST SHORT,STORIES EVER:
Statement of responsibility, etc Edited by Terry O' Brien
260 ## - PUBLICATION, DISTRIBUTION, ETC. (IMPRINT)
Place of publication, distribution, etc Chennai
Name of publisher, distributor, etc Westland Publication Private Limited
Date of publication, distribution, etc 2021
270 ## - ADDRESS
City Chennai
Address 1st Floor, A Block, East Wing, Plot NO. 40, SP Infocity, Dr. MGR Salai, Perungudi, Kandanchavadi
Postal code 600096
300 ## - PHYSICAL DESCRIPTION
Extent 266.p.
Dimensions 20cm(pbk)
700 ## - ADDED ENTRY--PERSONAL NAME
Personal name O'Brien Terry
942 ## - ADDED ENTRY ELEMENTS (KOHA)
Source of classification or shelving scheme Dewey Decimal Classification
Item type English Books
Classification part s
Call number suffix THE
Holdings
Withdrawn status Lost status Not for loan Collection code Home library Current library Date acquired Source of acquisition Cost, normal purchase price Full call number Barcode Copy number Cost, replacement price Koha item type
    Not For Loan Fiction D.B.Act.Division Mobile Library 17/01/2022 DBAD/PUB 199.00 S THE EN-114690 1 199.00 English Books

© Delhi Public Library
Hit Counter
free hit counter